00430cam a22001452 4500001001100000005001700011008004100028040001500069050001800084100003200102245005900134260003200193300001100225650004800236000000341120151217154338.0070507s xx 000 0 eng d aKABUcKABU 0aKD371b.M8S861 aSymons, Julian.@000015332212aA Reasonable doubt :bsome criminal cases re-examined. aLondon :bPan Books,c1960. a249 p. 0aTrials (Murder)zGreat Britain.@0000153323